Institute of Actuaries (Record no. 120122)

MARC details
000 -LEADER
fixed length control field 00821cam a2200205 4500
001 - CONTROL NUMBER
control field WS118978
008 - FIXED-LENGTH DATA ELEMENTS--GENERAL INFORMATION
fixed length control field 020722n 000 0 eng u
035 ## - SYSTEM CONTROL NUMBER
System control number (Sirsi) u118978
110 ## - MAIN ENTRY--CORPORATE NAME
Corporate name or jurisdiction name as entry element Institute of Actuaries
9 (RLIN) 2798
245 ## - TITLE STATEMENT
Title Institute of Actuaries
520 ## - SUMMARY, ETC.
Summary, etc. Web site for this professional body of actuaries in the UK. Also covers the Faculty of Actuaries in Scotland. Includes details on what actuaries so, pages on various aspects of their work such as life assurance and pensions, pages for students and a career guide.
650 ## - SUBJECT ADDED ENTRY--TOPICAL TERM
Topical term or geographic name entry element ORGANISATION
650 ## - SUBJECT ADDED ENTRY--TOPICAL TERM
Topical term or geographic name entry element ACTUARIES
650 ## - SUBJECT ADDED ENTRY--TOPICAL TERM
Topical term or geographic name entry element Valuation
9 (RLIN) 6273
650 ## - SUBJECT ADDED ENTRY--TOPICAL TERM
Topical term or geographic name entry element LIFE ASSURANCE
650 ## - SUBJECT ADDED ENTRY--TOPICAL TERM
Topical term or geographic name entry element PENSIONS
690 ## - LOCAL SUBJECT ADDED ENTRY--TOPICAL TERM (OCLC, RLIN)
Topical term or geographic name as entry element INSURANCE
9 (RLIN) 6249
856 40 - ELECTRONIC LOCATION AND ACCESS
Uniform Resource Identifier <a href="https://www.actuaries.org.uk">https://www.actuaries.org.uk</a>
Public note View the website free of charge at www.actuaries.org.uk...
942 ## - ADDED ENTRY ELEMENTS (KOHA)
Suppress in OPAC 0
Holdings
Withdrawn status Lost status Source of classification or shelving scheme Damaged status Not for loan Home library Current library Shelving location Date acquired Total Checkouts Full call number Barcode Date last seen Copy number Price effective from Koha item type
    Dewey Decimal Classification     Virtual Virtual Online 22/07/2002   WEB SITE 118978-2001 06/08/2019 1 06/08/2019 Online material